000
00304nam a22001457a 4500
003
SGT
082
_a
617.7
_b
S16S
100
_a
SHARMA, PRADEEP
245
_a
STRABISMUS SIMPLIFIED
250
_a
2ND
260
_a
INDIA
_b
CBS
_c
2016
300
_a
278
650
_a
OPHTHALMOLOGY
942
_2
ddc
_c
BK
_0
6
999
_c
14559
_d
14559